Hexadezimal-Multiplikationstabelle - Statistiken

Allgemein
  • Dieses Quiz wurde 304 mal gespielt
  • Das Durchschnittsergebnis liegt bei 115 aus 225
Antwortstatistiken
Antwort % Korrekt
1
99%
2
99%
3
99%
4
99%
5
99%
6
99%
8
99%
9
99%
7
98%
10
93%
20
89%
12
86%
16
86%
18
86%
14
84%
30
76%
24
75%
21
74%
28
73%
40
72%
15
71%
32
67%
60
67%
27
66%
50
66%
48
64%
70
64%
36
63%
38
60%
34
59%
42
59%
23
58%
46
57%
54
57%
19
56%
31
56%
64
54%
58
53%
68
53%
78
53%
37
52%
90
49%
A
49%
B
49%
C
49%
D
49%
E
49%
41
48%
51
48%
F
48%
62
47%
63
46%
75
46%
69
44%
84
44%
96
44%
82
43%
79
42%
87
41%
2A
31%
1B
27%
1A
26%
1C
26%
2D
24%
2C
22%
4B
21%
5A
21%
1E
20%
3F
20%
3C
19%
4D
19%
5B
17%
4E
16%
6C
16%
6E
12%
7E
12%
8C
12%
8F
12%
9A
11%
9C
11%
A5
8%
B4
8%
A8
7%
B6
7%
C3
7%
D2
7%
E1
7%
A9
6%
C4
6%
Keine übereinstimmenden Quizze gefunden
Verteilung der Resultate
Anzahl Personen mit jedem Resultat
Perzentil nach korrekt beantworteten Fragen
Ihre Resultats-Entwicklung
Sie haben dieses Quiz noch nicht gespielt